Žebříčky konkurenceschopnosti: nespolehlivé indikátory krizemi ohrožených ekonomik

Rôzne prejavy globalizačného procesu pozorované od osemdesiatych rokov minulého storočia. Rebríček konkurencieschopnosti jednotlivých ekonomík zostavený Svetovým ekonomickým fórom. Metodika a kritéria hodnotenia. Vývoj HDP, miera nezamestnanosti, rozpočtové saldo, verejný dlh. Pôžičky MMF, menové ku...

Descripción completa

Guardado en:
Detalles Bibliográficos
Autor principal: Malý, Jiří
Formato: Capítulo de libro
Lenguaje:checo
Materias:
Etiquetas: Agregar Etiqueta
Sin Etiquetas, Sea el primero en etiquetar este registro!

MARC

LEADER 00000naa$a2200000$$$4500
001 0100269
005 20220713131454.7
041 0 |a cze 
044 |a CZ 
245 1 0 |a Žebříčky konkurenceschopnosti: nespolehlivé indikátory krizemi ohrožených ekonomik  |c Jiří Malý 
520 |a Rôzne prejavy globalizačného procesu pozorované od osemdesiatych rokov minulého storočia. Rebríček konkurencieschopnosti jednotlivých ekonomík zostavený Svetovým ekonomickým fórom. Metodika a kritéria hodnotenia. Vývoj HDP, miera nezamestnanosti, rozpočtové saldo, verejný dlh. Pôžičky MMF, menové kurzy, inflácia. Doterajší priebeh a prognózy svetovej ekonomickej krízy. 
610 2 0 |a konkurencieschopnosť 
610 2 0 |a porovnanie medzinárodné 
610 2 0 |a analýzy 
610 2 0 |a makroekonomika 
610 2 0 |a kríza hospodárska 
610 2 0 |a globalizácia 
100 1 |a Malý, Jiří